000 01333nam a2200337 a 4500
001 000109040
003 CHAP
005 20220329144035.0
008 140331s2013 mx a |sm |||||||spa|d
010 _a105502
011 _a106474
040 _cCHAP
090 _aTesis
100 1 _aHernández Ortíz, Esmeralda
_9126141
245 1 0 _aDaño de Scolytus mundus wood y Pseudohylesinus variegatus en un bosque de Abies religiosa (Kunth Schitdl. et. Cham) de la Reserva Mariposa Monarca
_h[En línea]
_cpor Esmeralda Hernández Ortíz.
260 _aChapingo, Méx. :
_bEl autor,
_c2013.
500 _aPara ver el contenido del material haga clic en la liga
502 _aTesis (Ing. Agr. Esp. en Recursos Naturales Renovables) -- UACH. Departamento de Enseñanza, Investigación y Servicio en Suelos
590 _aBATCH-UPD
_b05
_c20141002
_lUCH01
_h0859
590 _aE792CSJ
_b05
_c20140331
_lUCH01
_h1105
590 _aE792CSJ
_b05
_c20140331
_lUCH01
_h1105
650 1 4 _aÁreas protegidas
_xMichoacán.
_96872
650 1 4 _aMariposas
_xMichoacán.
_971403
650 1 4 _aPseudohylesinus variegatus.
_992565
650 1 4 _aReserva de la biosfera.
_996101
650 1 4 _aScolytus mundus.
_9103354
856 _aFinding aid
_uhttp://10.13.5.2/tesis/sist109040.pdf
_zTeclea aquí
901 _aBK
942 _cTESIS
942 _n0
999 _c105502
_d105502